000 00567nam a2200229Ia 4500
003 OSt
005 20221005131900.0
006 a|||||r|||| 00| 0
007 ta
008 221004b |||||||| |||| 00| 0 mal d
024 _a53166
037 _cTextual
040 _aCRL
_cCRL
_bmal
041 _2mal
_amal
082 _aO32,1M61w, K2
100 _aKripalani Krishna
245 0 _aTagore
260 _c1962
650 _aMALAYALAM LITERATURE
_938866
942 _hO32,1M61w, K2
_cTEXL
_2cc
999 _c1061725
_d1061725